000 00655na a2200205 4500
001 19286
003 MIRAKIL
005 20181213155100.0
008 161213b tu 000 0
040 _aMilas
_btur
_cTR-AnCHP
041 _aeng
082 _a327.561
_bT86 1991
090 _a327.561 T86 1991
111 _aTurkey and the new world order
_cAnkara
_d1991
245 _aTurkey and the new world order
_bPress conference by H.E.Mr. Süleyman Demirel, prime minister, Ankara, 11 December 1991
260 _aAnkara
_bBaşbakanlık Basımevi
_c1991
300 _a17 s.
_c19 sm.
650 _aUluslararası ilişkiler
_zTürkiye
942 _2ddc
_cBKS
999 _c6232
_d6232